000 00552nam a2200217Ia 4500
008 101110s9999 xx 000 0 und d
041 _aENGLISH
082 _bSR34310
100 _aSherlekar S.A.
245 _aMarketing management BMS 3rd sem
260 _c2009
_bHimalaya publishing hpuse, Mumbai
300 _a278
365 _b150
520 _aCommerce
546 _aENGLISH
630 _aMarketing management BMS 3rd sem
650 _aCommerce
655 _aCommerce
730 _aMarketing management BMS 3rd sem
942 _cBOOK
999 _c826811
_d826808